| 000 | 00661nam a2200229 4500 | ||
|---|---|---|---|
| 001 | 37524 | ||
| 003 | BD-RjUL | ||
| 005 | 20211209052623.0 | ||
| 008 | 150125s1993 ii ||||| |||| 00| 0 eng d | ||
| 020 | _a8170417236 | ||
| 035 | _a(BD-RjUL)37628 | ||
| 040 |
_aBD-RjUL _beng _cBD-RjUL |
||
| 041 | _aeng | ||
| 082 |
_a 660.603 _bENC 1993 |
||
| 245 |
_aEncyclopaedia of biotechnology / _cedited by G.R. Chhatwal. _nVol. 2 |
||
| 260 |
_aNew Delhi : _bAnmol Publications, _c1993. |
||
| 300 |
_a354-717 p.: _c23 cm. |
||
| 650 |
_aBiotechnology _xDictionaries. _9115236 |
||
| 650 |
_aBiotechnology _9115163 |
||
| 700 |
_aChhatwal, G.R. _9115237 |
||
| 942 |
_2ddc _cBK |
||
| 999 |
_c37524 _d37524 |
||